| 000 | 01562nam a2200421 b 4500 | ||
|---|---|---|---|
| 001 | 001184131 | ||
| 003 | DO-SdBPM | ||
| 005 | 20250702131122.0 | ||
| 007 | ta | ||
| 008 | 990416s1998 sp | ||| ||spa | ||
| 017 | _b | ||
| 020 | _a8478443746 | ||
| 035 | _a | ||
| 040 |
_aDO-SdBPM _bspa _cBPMSU _erda |
||
| 041 | 1 |
_aspa _h |
|
| 080 | 0 | _a | |
| 082 | 4 |
_a833.91 _bE61d 1998 _222 |
|
| 100 | 1 |
_aEnzensberger, Hans Magnus _d1929-2022. _eautor |
|
| 245 | 1 | 3 |
_aEl diablo de los números : _bun libro para todos aquellos que temen a las matemáticas / _cHans Magnus Enzensberger ; diseñado e ilustrado por Rotraut Susanne Berner ; traducción de Carlos Fortea _h |
| 250 | _a5ª ed. | ||
| 264 |
_aMadrid : _bEdiciones Siruela, _c1998 |
||
| 300 |
_a255 páginas . : _c25 cm. _b |
||
| 336 |
_atexto _btxt _2rdacontent |
||
| 337 |
_asin mediación _bn _2rdamedia |
||
| 338 |
_avolumen _bnc _2rdacarrier |
||
| 490 | 0 |
_aLas tres edades, _v57 |
|
| 500 | _3Incluye datos biográficos del autor en la solapa de la cubierta | ||
| 534 |
_pTítulo original : _tDer zablenteufel. Ein kipfkissenbuch fur alle, die angst vor de mathematik haben. |
||
| 590 | _aInventariado, 2025/VM | ||
| 650 | 7 |
_aCuentos juveniles alemanes. _v _2 |
|
| 650 | 7 |
_aMatemáticas _vCuentos infantiles. |
|
| 650 | 7 |
_aNúmeros _vCuentos infantiles. |
|
| 650 | 7 | _aJuegos matemáticos. | |
| 700 | 1 |
_aBerner, RotraSusanne, _d1948- _eilustrador |
|
| 700 | 1 |
_aFortea, Carlos, _d1963- _etraductor |
|
| 910 | _aVMateo V. Control de calidad. BPMSU | ||
| 942 |
_2ddc _cBK |
||
| 999 |
_c9156 _d9156 |
||